000 00692nam a2200241Ia 4500
003 OSt
005 20220923212701.0
006 a|||||r|||| 00| 0
007 ta
008 220922b |||||||| |||| 00| 0 hin d
024 _a155,240
037 _cTextual
040 _aARTS
_cARTS
_bhin
041 _2hin
_ahin
082 _aO15,1B1:g, J0
100 _aबुल्के, कामिल
245 0 _aराम-कथा
246 _aRāma-kathā
260 _aप्रयाग
_b हिन्दी परिषद्
_c1950
300 _a532 पृ.
_ccm.
942 _hO15,1B1:g, J0
_cTEXL
_2CC
999 _c310794
_d310794